| 000 | 00483nam a2200145 i 4500 | ||
|---|---|---|---|
| 001 | bg | ||
| 245 | 0 |
_aGeotechnika w budownictwie lądowym : _bseminarium, Rzeszów 3-4 grudnia 1974. Referaty. |
|
| 260 |
_aRzeszów : _bInstytut Budownictwa i Inżynierii Środowiska Politechniki Rzeszowskiej, _c1974. |
||
| 300 |
_as. 318, nlb. 1, tabl. [w tym] nlb. 6 : _brys. |
||
| 040 | _cBPK | ||
| 041 | _apol | ||
| 080 | _a624(061.3) | ||
| 942 | _cKS | ||
| 008 | s pl f |000 0 pol | ||
| 999 |
_c26970 _d26970 |
||
| 856 |
_uhttp://koha.tu.koszalin.pl/cgi-bin/koha/opac-detail.pl?biblionumber=26970 _yKatalog online BPK |
||